Stayed Back, Stayed On: (Record no. 213366)

MARC details
000 -LEADER
fixed length control field 00802nam a22002537a 4500
003 - CONTROL NUMBER IDENTIFIER
control field dpl
005 - DATE AND TIME OF LATEST TRANSACTION
control field 20250908113419.0
008 - FIXED-LENGTH DATA ELEMENTS--GENERAL INFORMATION
fixed length control field 240724b |||||||| |||| 00| 0 eng d
010 ## - LIBRARY OF CONGRESS CONTROL NUMBER
LC control number ENG-146661
020 ## - INTERNATIONAL STANDARD BOOK NUMBER
International Standard Book Number 9789354428708
Terms of availability 1125.00
035 ## - SYSTEM CONTROL NUMBER
System control number EN-130194
037 ## - SOURCE OF ACQUISITION
Source of stock number/acquisition DBAD
040 ## - CATALOGING SOURCE
Original cataloging agency DPL
Transcribing agency 0
082 ## - DEWEY DECIMAL CLASSIFICATION NUMBER
Classification number S
Edition number 1
245 ## - TITLE STATEMENT
Title Stayed Back, Stayed On:
Statement of responsibility, etc Edited by Epsita Halder
Remainder of title Short Stories by Bengali Muslim Writers/
250 ## - EDITION STATEMENT
Edition statement 1
260 ## - PUBLICATION, DISTRIBUTION, ETC. (IMPRINT)
Place of publication, distribution, etc Telangana
Name of publisher, distributor, etc Orient Blackswan Private Limited
Date of publication, distribution, etc 2025
270 ## - ADDRESS
Address 3-6-752, Himayatnagar
City Hyderabad
Postal code 500029
300 ## - PHYSICAL DESCRIPTION
Extent 256p.
Dimensions 22cm(pbk)
Other physical details index
440 ## - SERIES STATEMENT/ADDED ENTRY--TITLE
Title Sub Series II - Indian and Asian Contexts
9 (RLIN) 84870
500 ## - GENERAL NOTE
General note Studies In Compartive Literature
700 ## - ADDED ENTRY--PERSONAL NAME
Personal name Halder, Epsita
Relator term Edited By
9 (RLIN) 84871
942 ## - ADDED ENTRY ELEMENTS (KOHA)
Source of classification or shelving scheme Dewey Decimal Classification
Koha item type English Books
Classification part S
Call number suffix STA
Holdings
Withdrawn status Lost status Source of classification or shelving scheme Damaged status Not for loan Collection code Home library Current library Date acquired Source of acquisition Cost, normal purchase price Total Checkouts Full call number Barcode Date last seen Copy number Cost, replacement price Price effective from Koha item type
    Dewey Decimal Classification     Fiction Mobile Library Mobile Library 08/09/2025 DBAD 1125.00   S STA EN-130193 08/09/2025 1 1125.00 08/09/2025 English Books

© Delhi Public Library
Hit Counter
free hit counter